000 02202cam a2200349 4500500
005 20260111072956.0
041 _afre
042 _adc
100 1 0 _aPelerin, Jean-Marc
_eauthor
700 1 0 _aGross, Grégory
_eauthor
700 1 0 _aPetitpain, Nadine
_eauthor
700 1 0 _aGillet, Pierre
_eauthor
700 1 0 _aFresse, Audrey
_eauthor
245 0 0 _aDyskinésies tardives et de sevrage liées aux antipsychotiques
260 _c2024.
500 _a60
520 _aLes dyskinésies tardives et de sevrage liées aux antipsychotiques sont des événements fréquents avec une symptomatologie bien spécifique. Devant les nombreux cas rapportés au Centre régional de pharmacovigilance de Nancy, une brève revue de la littérature a été réalisée. Les mécanismes physiopathologiques sont explorés ainsi que les recommandations de prises en charge.
520 _aAntipsychotic-induced tardive dyskinesia and withdrawal-emergent dyskinesia are common syndromes with a very specific symptomatology. In view of the numerous cases reported to the French Centre de Pharmacovigilance of Nancy, a brief review of the literature was carried out. Pathophysiological mechanisms are explored as well as recommendations for treatment.
520 _aLas discinesias de aparición tardía y las discinesias de abstinencia asociadas a los fármacos antipsicóticos son acontecimientos frecuentes con una sintomatología muy específica. A la vista de los numerosos casos notificados al Centro Regional de Farmacovigilancia de Nancy, se ha realizado una breve revisión de la bibliografía. Se exploran los mecanismos fisiopatológicos así como recomendaciones para su tratamiento.
690 _aantipsychotique
690 _adyskinésie
690 _adyskinésie tardive
690 _aeffet secondaire
690 _asevrage
690 _aantipsychotics
690 _adyskinesia
690 _aside effect
690 _atardive dyskinesia
690 _awithdrawal
786 0 _nL'information psychiatrique | Volume 99 | 9 | 2024-01-03 | p. 597-601 | 0020-0204
856 4 1 _uhttps://stm.cairn.info/revue-l-information-psychiatrique-2023-9-page-597?lang=fr&redirect-ssocas=7080
999 _c1615184
_d1615184